Представление документа в формате MARC21

Поле Инд. ПП Название Значение
Тип записи a
Библиографический уровень m
001 Контрольный номер 71c2e554ab3542dd8b83639d5688e232
005 Дата корректировки 20170510115815.3
008 Кодируемые данные 170510|||||||||ru |||||||||||||||||rus||
020 00 a ISBN 5-903076-06-2 (Т. 8)
020 a ISBN 5-903076-05-Х
084 a Индекс другой классификации/Индекс ББК 63.3(2)622,013
090 00 a Полочн. индекс 63.3(2)622
x Авторский знак О-80
245 00 a Заглавие От солдата до генерала
b Продолж. заглавия Воспоминания о войне
c Ответственность Акад. ист. наук
n Номер части/ раздела Т. 8
260 00 a Место издания Москва
b Издательство Акад. ист. наук
c Дата издания 2007
300 00 a Объем 680 с.
b Иллюстрации/ тип воспроизводства портр.
650 _4 a Основная рубрика Великая Отечественная война, 1941-1945-Воспоминания и записки
653 00 a Ключевые слова Великая Отечественная война 1941-1945 гг.
a Ключевые слова Воспоминания
a Ключевые слова Вторая мировая война 1939-1945 гг.
a Ключевые слова Мемуары
901 t Тип документа m